00843cam a22002411 450000100060000000300080000600500170001400800410003103500190007203500190009104000380011004100080014808200180015610000310017424500530020526000330025830000420029150400700033365000350040394200120043899900170045095201340046724224BD-RjUL20211209001025.0140312s1963 nyuf b 000 0ceng  a(BD-RjUL)24290 a(OCoLC)1308967 aDLCcFOdOCoLCdDLCdBD-RjULbeng aeng00a927bFRG 19741 aFreedgood, Lillian.97461710aGreat artists of America /c Lillian Freedgood. aNew York :bCrowell,cc1974. axvi, 253 p. :bcol. plates. ;c26 cm. a"Recommended reading list": p. 237-238. Bibliography: p. 239-245. 0aArtistszUnited States.974618 2ddccBK c24224d24224 00102ddc4072aRUCLbRUCLcReadingd1976-08-25eU.S.I.S Dhakag0.00l0o927 FRG 1974r2014-03-12 00:00:00tC-1w2014-03-12yBK